Health and family welfare statistics in India 2015 (Record no. 168486)

MARC details
000 -LEADER
fixed length control field 00414nam a2200133Ia 4500
008 - FIXED-LENGTH DATA ELEMENTS--GENERAL INFORMATION
fixed length control field 230917s9999||||xx |||||||||||||| ||und||
040 ## - CATALOGING SOURCE
-- 233438
Original cataloging agency VIVEKANANDA LIBRARY
041 ## - Language
-- English
082 ## - DDC NUMBER
Classification number 301.426 I2H
100 ## - MAIN ENTRY--PERSONAL NAME
Personal name India Ministry of Health and Family Welfare
245 #0 - TITLE STATEMENT
Title Health and family welfare statistics in India 2015
260 ## - PUBLICATION, DISTRIBUTION, ETC. (IMPRINT)
Place of publication, distribution, etc New Delhi
Name of publisher, distributor, etc India Ministry of Health and Family Welfare
Date of publication, distribution, etc 2015
942 ## - ADDED ENTRY ELEMENTS (KOHA)
Koha item type Books
Holdings
Withdrawn status Lost status Damaged status Not for loan Location (home branch) Sublocation or collection (holding branch) Date acquired Koha issues (times borrowed) Koha full call number Accession No. Koha date last seen Koha item type
        VIVEKANANDA LIBRARY VIVEKANANDA LIBRARY 05/07/2016   301.426 I2H 312646 17/09/2023 Books
© Designed and Maintained by Vivekananda Library, MDU Rohtak